عيب عدم الاختصاص الجسيم في القرار الإداري والرقابة القضائية عليه : (رقم التسجيلة. 41384)

تفاصيل مارك
000 -الفاتح
حقل البيانات ثابتة الطول 01686nam a22003377a 4500
003 - محدد رقم الضبط
رقم الضبط OSt
005 - وقت وتاريخ اخر تعامل مع التسجيلة
رقم الضبط 20180327172328.0
008 - عناصر البيانات ثابتة الطول - معلومات عامة
حقل البيانات ثابتة الطول 170817s2018 ua g b 000 0 ara d
020 ## - الرقم الدولى المعيارى للكتب
الرقم الدولى المعيارى للكتاب 9789776567542
040 ## - مصدر الفهرسة
وكالة الفهرسة الأصلية Ma-Un
لغة الفهرسة ara
وكالة النسخ Dar Arab
082 04 - رقم تصنيف ديوى العشرى
رقم الطبعة 21
رقم التصنيف 342.066
رقم المادة ج ن ع
100 1# - المدخل الرئيسى - إسم شخصى
الإسم الشخصى الجباري، نسار عبد القادر أحمد
9 (RLIN) 60824
245 10 - بيان العنوان
العنوان عيب عدم الاختصاص الجسيم في القرار الإداري والرقابة القضائية عليه :
بقية العنوان دراسة تحليلية مقارنة /
بيان المسئوليه,etc نسار عبد القادر أحمد الجباري.
250 ## - بيان الطبعة
بيان الطبعة ط. 1.
260 ## - PUBLICATION, DISTRIBUTION, ETC. (IMPRINT)
مكان الناشر او الموزع القاهرة :
اسم الناشر او الموزع المركز العربي للدراسات والبحوث العلمية،
تاريخ النشر أو التوزيع 2018.
300 ## - الوصف المادى
التعداد 322 ص. ؛
أبعاد الوعاء 24 سم.
504 ## - تبصرة ببليوجرافية
تبصرة ببليوجرافية,الخ يشتمل علي إرجاعات ببليوجرافية.
504 ## - تبصرة ببليوجرافية
تبصرة ببليوجرافية,الخ ببليوجرافية : ص. 283-307.
650 #4 - المدخل الاضافى بالموضوع-مصطلح موضوعى
مصطلح موضوعي أو اسم جغرافي كعنصر مدخل القانون الإداري
التقسيم الفرعي الجغرافي العراق
9 (RLIN) 60825
650 #4 - المدخل الاضافى بالموضوع-مصطلح موضوعى
مصطلح موضوعي أو اسم جغرافي كعنصر مدخل القانون الإداري
التقسيم الفرعي الجغرافي مصر
9 (RLIN) 60826
650 #4 - المدخل الاضافى بالموضوع-مصطلح موضوعى
مصطلح موضوعي أو اسم جغرافي كعنصر مدخل القانون الإداري
التقسيم الفرعي الجغرافي فرنسا
9 (RLIN) 21906
650 #4 - المدخل الاضافى بالموضوع-مصطلح موضوعى
مصطلح موضوعي أو اسم جغرافي كعنصر مدخل الرقابة القضائية
التقسيم الفرعي الجغرافي العراق
9 (RLIN) 59196
650 #4 - المدخل الاضافى بالموضوع-مصطلح موضوعى
مصطلح موضوعي أو اسم جغرافي كعنصر مدخل الرقابة القضائية
التقسيم الفرعي الجغرافي مصر
9 (RLIN) 22070
650 #4 - المدخل الاضافى بالموضوع-مصطلح موضوعى
مصطلح موضوعي أو اسم جغرافي كعنصر مدخل الرقابة القضائية
التقسيم الفرعي الجغرافي فرنسا
9 (RLIN) 59197
650 #4 - المدخل الاضافى بالموضوع-مصطلح موضوعى
مصطلح موضوعي أو اسم جغرافي كعنصر مدخل القرارات الإدارية
التقسيم الفرعي العام قوانين وتشريعات
التقسيم الفرعي الجغرافي العراق
9 (RLIN) 54048
650 #4 - المدخل الاضافى بالموضوع-مصطلح موضوعى
مصطلح موضوعي أو اسم جغرافي كعنصر مدخل القرارات الإدارية
التقسيم الفرعي العام قوانين وتشريعات
التقسيم الفرعي الجغرافي مصر
9 (RLIN) 60827
650 #4 - المدخل الاضافى بالموضوع-مصطلح موضوعى
مصطلح موضوعي أو اسم جغرافي كعنصر مدخل القرارات الإدارية
التقسيم الفرعي العام قوانين وتشريعات
التقسيم الفرعي الجغرافي فرنسا
9 (RLIN) 60828
942 ## - عناصر المدخل الإضافي( كوها)
Koha [default] item type كتاب
949 ## - معلومات معالجة محلية(OCLC)
a ALGU
d 15/05/2009
i DA8707-8
n 1
u system.
949 ## - معلومات معالجة محلية(OCLC)
a ARUC
n 1
d 2011/9/11
u training
المقتنيات
حالة الفقد نموذج السعر الفعال حالة تلف ليس للاعارة رقم الطلب رقم النسخة تاريخ الاكتساب الموقع الحالي الباركود الفرع الرئيسي Date last seen نوع المادة فى نظام كوها مصدر التصنيف او خطة الترفيف Total Checkouts
  2018-03-27   Not For Loan 342.066 ج ن ع 1 2018-03-27 المكتبة المركزية بالمجمعة (CL) 00239082 المكتبة المركزية بالمجمعة (CL) 2018-03-27 كتاب Dewey Decimal Classification  
  2018-03-27     342.066 ج ن ع 2 2018-03-27 المكتبة المركزية بالمجمعة (CL) 00239083 المكتبة المركزية بالمجمعة (CL) 2018-03-27 كتاب Dewey Decimal Classification  
  2018-03-27     342.066 ج ن ع 3 2018-03-27 المكتبة المركزية بالمجمعة (CL) 00239084 المكتبة المركزية بالمجمعة (CL) 2018-03-27 كتاب Dewey Decimal Classification  
  2018-03-27   Not For Loan 342.066 ج ن ع 1 2018-03-27 كلية الشريعة والقانون - طلاب 00239087 كلية الشريعة والقانون - طلاب 2018-03-27 كتاب Dewey Decimal Classification  
  2018-03-27     342.066 ج ن ع 2 2018-03-27 كلية الشريعة والقانون - طلاب 00239088 كلية الشريعة والقانون - طلاب 2018-03-27 كتاب Dewey Decimal Classification  
  2018-03-27   Not For Loan 342.066 ج ن ع 1 2018-03-27 مكتبة مجمع الكليات بالزلفى - طلاب (SZM) 00239085 مكتبة مجمع الكليات بالزلفى - طلاب (SZM) 2018-03-27 كتاب Dewey Decimal Classification  
  2018-03-27     342.066 ج ن ع 2 2018-03-27 مكتبة مجمع الكليات بالزلفى - طلاب (SZM) 00239086 مكتبة مجمع الكليات بالزلفى - طلاب (SZM) 2018-03-27 كتاب Dewey Decimal Classification